| 000 | 00848nam0a22002411 4500 | ||
|---|---|---|---|
| 001 | rc\2863091 | ||
| 005 | 20250529210858.0 | ||
| 035 | _a(NLR Aleph) 007017107 | ||
| 090 |
_a5872910 _c5872910 |
||
| 100 | _a20110711d1929 |||y0rusy50 ca | ||
| 101 | 0 | _arus | |
| 102 | _aRU | ||
| 105 | _ay z ||||| | ||
| 200 | 1 |
_aНизовая культработа _fСост. К.В. Храпко _gЦентр. ком-т профсоюза работников просвещения СССР |
|
| 210 |
_aМосква _cРаботник просвещения _d1929 |
||
| 215 |
_a80 с. _d17х13 см |
||
| 225 | 1 |
_aЗаочные профкурсы Культотдела Цекпроса _vЗадание 3 |
|
| 700 | 1 |
_aХрапко _bК.В. |
|
| 801 | 0 |
_aRU _bNLR _gpsbo |
|
| 801 | 1 |
_aRU _bELAR _2rusmarc |
|
| 852 |
_aNLR _j72/718(III) |
||
| 942 | _cBOOK | ||
| 980 | _aNB | ||